ENFERMEDADES MICROBIANAS APARATO DIGESTIVO - Estadísticas

Estadísticas generales
  • Esta prueba ha sido intentada 20 veces
  • La puntuación promedio es 4 de 32
Estadísticas de respuestas
ENFERMEDAD MICROBIANA AGENTE ETIOLÓGICO % Correcto
Gastroenteritis Escherichia coli
91%
Gastroenteritis viral Rotavirus
36%
Intoxicación estafilocócica Staphylococcus aureus
36%
Cólera Vibrio cholerae
36%
Gastroenteritis Helicobacter pylori
27%
Enfermedad ulcerosa péptica Helicobacter pylori
27%
Gastroenteritis Bacillus cereus
18%
Salmonelosis Salmonella enterica
18%
Gastroenteritis Campylobacter jejuni
9%
Diarrea Clostridium difficile
9%
Gastroenteritis Clostridium perfringens
9%
Gastroenteritis viral Norovirus
9%
Fiebre tifoidea Salmonella typhi
9%
Shigelosis (disentería bacilar) en España Shigella flexneri
9%
Shigelosis (disentería bacilar) en EE..UU. Shigella sonnei
9%
Hepatitis A VHA
9%
Hepatitis B VHB
9%
Hepatitis C VHC
9%
Aflatoxinas Aspergillus flavus
0%
Alcaloides de cornezuelo del centeno Claviceps purpurea
0%
Diarrea por EAEC E. coli enteroagregativa
0%
Diarrea por EHEC E. coli enterohemorrágica
0%
Diarrea por EIEC E. coli enteroinvasiva
0%
Diarrea por EPEC E. coli enteropatógena
0%
Diarrea por ETEC E. coli enterotoxigénica
0%
Enfermedad periodontal Porphyromonas
0%
Gingivitis ulcerosa necrosante aguda Privotella intermedia
0%
Parotiditis epidémica Rubulavirus
0%
Shigelosis (disentería bacilar) más patógena Shigella dysenteriae
0%
Caries dental Streptococcus mutans
0%
Gastroenteritis (Vibrio no cholerae) Vibrio parahaemolyticus
0%
Gastroenteritis Yersinia enterocolitica
0%
No se encontraron pruebas coincidentes
Distribución de puntuación
Porcentaje de gente con cada puntuación
Porcentaje por número respondido
Historial de tus puntuaciones
No has intentado esta prueba.